000 00942nam a2200253Ia 4500
003 OSt
005 20220923211955.0
006 a|||||r|||| 00| 0
007 ta
008 220922b |||||||| |||| 00| 0 hin d
024 _a76,325
037 _cTextual
040 _aARTS
_cARTS
_bhin
041 _2hin
_ahin
082 _aR623x2,1,5, 152L0
100 _aअवस्थी, शिव शंकर, अनु.
_9161816
245 0 _aप्रत्यभिज्ञाहृदयम्
_b हिन्दी व्याख्या साहित
246 _aPratyabhijnyāhṛudayam: hindī vyākhyā sāhita
260 _aवाराणसी
_b चौखम्बा प्रकाशन
_c1970
300 _a65पृ.
_ccm.
650 _aभारतीय दर्शन
942 _hR623x2,1,5, 152L0
_cTEXL
_2CC
999 _c305076
_d305076